| 000 | 01249nam0a2200397 4500 | ||
|---|---|---|---|
| 001 | RU\NLR\bibl\425007 | ||
| 005 | 20260405121914.0 | ||
| 010 |
_a5-94435-376-7 _95000 |
||
| 021 |
_aRU _b2003-28562 _91335 |
||
| 035 | _a(NLR Aleph) 000418905 | ||
| 090 |
_a682334 _c682334 |
||
| 100 | _a20030717d2003 |||y0rusy50 ca | ||
| 101 | 0 | _arus | |
| 102 | _aRU | ||
| 105 | _aa ||||||||| | ||
| 200 | 1 |
_aИконы и здоровье _fБ. Серафимов |
|
| 210 |
_aСПб. _cВесь _d2003 |
||
| 215 |
_a157 с. _cил. _d20 |
||
| 225 | 1 | _aДобрые вести | |
| 225 | 1 | _aСерия "Правда о..." | |
| 320 | _aБиблиогр.: с. 156 | ||
| 606 | 0 |
_aИконы чудотворные _92117954 _3RU\NLR\auth\661279275 |
|
| 610 | 0 | _aИкон культ | |
| 610 | 0 | _aМедицина и религия | |
| 675 |
_a27-526.62 _v3 _zrus |
||
| 686 |
_a21.15 _2rugasnti |
||
| 686 |
_a86.37 _2rubbk |
||
| 686 | _aЭ372.24-575.1 | ||
| 700 | 1 |
_4070 _8rus _7ca _aСерафимов _bБ. _f1927- _gБорис _3RU\NLR\auth\7747841 _930776 |
|
| 801 | 0 |
_aRU _bRKP _c20030717 _gPSBO |
|
| 801 | 1 |
_aRU _bRKP _c20030717 |
|
| 801 | 2 |
_aRU _bNLR _c20070205 _grcr |
|
| 942 | _cBOOK | ||
| 980 | _aNB | ||